Cottage Cheese: True or False? - Statistics

General Stats
  • This quiz has been taken 7 times
  • The average score is 3 of 5
Answer Stats
Question Answer % Correct
Cottage cheese is a good source of protein relative to its calorie content True
100%
During World War One, cottage cheese consumption was heavily promoted as a way to save meat for soldier's rations. True
83%
The first evidence of cottage cheese is from ancient Rome False
67%
Cottage cheese consumption in the US peaked in the 2000s False
50%
Cottage cheese has a low milkfat content. True
33%
No matching quizzes found
Score Distribution
Percent of People with Each Score
Percentile by Number Answered
Your Score History
You have not taken this quiz